header

Niche marketing for coaches (Record no. 124526)

MARC details
000 -LEADER
fixed length control field 01320nam a2200313 a 4500
100 1# - MAIN ENTRY--AUTHOR NAME
Personal name McNamara, Hannah.
245 10 - TITLE STATEMENT
Title Niche marketing for coaches
260 ## - PUBLICATION, DISTRIBUTION, ETC. (IMPRINT)
Place of publication London :
Name of publisher Thorogood,
Year of publication 2007.
300 ## - PHYSICAL DESCRIPTION
Number of Pages xvi, 239 p.
505 0# - FORMATTED CONTENTS NOTE
Formatted contents note section 1. Getting your ducks in a row -- section 2. Start shooting those ducks!.
650 #0 - SUBJECT ADDED ENTRY--TOPICAL TERM
Topical Term Personal coaching
Topical Term Executive coaching
Topical Term Employees
Topical Term Market segmentation.
856 40 - ELECTRONIC LOCATION AND ACCESS
Uniform Resource Identifier http://site.ebrary.com/lib/rucke/Doc?id=10210839

No items available.

© 2026 Rongo University
Contact us: librarian | system librarian | Rongo university